000 00283nam a22001337a 4500
008 170522b xxu||||| |||| 00| 0 eng d
020 _a9780375425349
041 _aeng
080 _a94(7/8)
100 _a16
101 _aSHH
245 _aHYSTERIA
_cFELDMAN, J
942 _2udc
_cBK
999 _c13820
_d13820